Roberto di Matteo's Chelsea - Statistics

General Stats
  • This quiz has been taken 15 times
  • The average score is 26 of 30
Answer Stats
Rank Player Position Nationality Matches Goals Assists % Correct
8 David Luiz Centre-Back 29 2 0
100%
3 Fernando Torres Centre-Forward 38 14 6
100%
11 John Terry Centre-Back 27 4 1
100%
2 Juan Mata Attacking Midfield 38 10 19
100%
1 Petr Cech Goalkeeper 39 0 0
100%
7 Ashley Cole Left-Back 30 1 4
93%
6 Branislav Ivanovic Right-Back 33 7 2
93%
18 Didier Drogba Centre-Forward 14 6 1
93%
14 Eden Hazard Left Winger 21 4 9
93%
10 Frank Lampard Central Midfield 28 7 6
93%
9 Gary Cahill Centre-Back 29 7 1
93%
5 John Obi Mikel Defensive Midfield 36 0 0
93%
15 Oscar Attacking Midfield 18 4 3
93%
4 Ramires Central Midfield 37 7 5
93%
21 Victor Moses Right Winger 11 3 0
93%
12 Daniel Sturridge Centre-Forward 25 4 2
87%
29 Romelu Lukaku Centre-Forward 2 0 1
87%
17 Salomon Kalou Left Winger 16 2 2
87%
19 Bosingwa Right-Back 13 0 0
80%
23 César Azpilicueta Centre-Back 8 0 1
80%
20 Florent Malouda Left Winger 12 2 1
80%
30 Marko Marin Attacking Midfield 1 0 0
80%
22 Michael Essien Defensive Midfield 10 0 1
80%
25 Paulo Ferreira Right-Back 4 0 0
80%
13 Ryan Bertrand Left-Back 23 2 0
80%
24 Oriol Romeu Defensive Midfield 7 1 0
73%
16 Raúl Meireles Central Midfield 16 4 3
73%
27 Lucas Piazón Attacking Midfield 2 0 1
67%
26 Ross Turnbull Goalkeeper 3 0 0
67%
28 Sam Hutchinson Defensive Midfield 2 0 0
33%
No matching quizzes found
Score Distribution
Percent of People with Each Score
Percentile by Number Answered
Your Score History
You have not taken this quiz